Las unidades eléctricas en su aspecto teórico / (Record no. 167418)

MARC details
000 -LEADER
campo de control de longitud fija 00695nam a22001815i 4500
001 - NÚMERO DE CONTROL
campo de control 167418
003 - IDENTIFICADOR DE NÚMERO DE CONTROL
campo de control ES-MaACL
005 - FECHA Y HORA DE LA ÚLTIMA TRANSACCIÓN
campo de control 20231206063250.0
008 - DATOS DE LONGITUD FIJA--INFORMACIÓN GENERAL
campo de control de longitud fija 050927s1889 sp | |||||||| ||spa d
040 ## - FUENTE DE CATALOGACIÓN
Centro catalogador/agencia de origen CAM
Lengua de catalogación spa
Centro/agencia transcriptor CAM
100 1# - ENTRADA PRINCIPAL--NOMBRE DE PERSONA
Nombre de persona Vicuña, Gumersindo,
Fechas asociadas al nombre 1840-1890
9 (RLIN) 114406
245 14 - MENCIÓN DEL TÍTULO
Título Las unidades eléctricas en su aspecto teórico /
Mención de responsabilidad, etc. por Gumersindo de Vicuña.
260 ## - PUBLICACIÓN, DISTRIBUCIÓN, ETC.
Lugar de publicación, distribución, etc. Madrid :
Nombre del editor, distribuidor, etc. [s.n.],
Fecha de publicación, distribución, etc. 1889 (
Fabricante Imprenta de Luis Aguado)
300 ## - DESCRIPCIÓN FÍSICA
Extensión 19 p. ;
Dimensiones 25 cm.
650 04 - PUNTO DE ACCESO ADICIONAL DE MATERIA--TÉRMINO DE MATERIA
Término de materia o nombre geográfico como elemento de entrada Medidas eléctricas.
9 (RLIN) 14946
852 ## - LOCALIZACIÓN
Ubicación ES-MaACL
Número de control de estantería T-559-F-19
Nota libre -- Enc. hol., falto de la enc. original
-- -- An. ms.: Ded. del autor a la Biblioteca del Ateneo de Madrid
Holdings
Estatus retirado Estado de pérdida Estado de daño No para préstamo Colección Biblioteca de origen Biblioteca actual Ubicación en estantería Fecha de adquisición Total de préstamos Signatura topográfica completa Código de barras Visto por última vez Precio de reemplazo Tipo de ítem Koha
        Colección de folletos Biblioteca del Ateneo de Madrid Biblioteca del Ateneo de Madrid Depósito folletos 17/01/2008   T-559-F-19 1175630 23/02/2023 23/02/2023 Folleto